Online Catalogue and eLibrary

Mass Communication Theory : (Record no. 1123)

MARC details
000 -LEADER
fixed length control field 00560nam a2200217Ia 4500
005 - DATE AND TIME OF LATEST TRANSACTION
control field 20250325070719.0
008 - FIXED-LENGTH DATA ELEMENTS--GENERAL INFORMATION
fixed length control field 240331s9999 xx 000 0 und d
020 ## - INTERNATIONAL STANDARD BOOK NUMBER
ISBN 0803980701
082 ## - DDC Classification
Class No. 302.23
Item Number - Author Mark MCQ
DDC Edition Number 1095
100 ## - MAIN ENTRY--PERSONAL NAME
Personal name McQuail, D
245 #0 - TITLE STATEMENT
Title Mass Communication Theory :
Remainder of title An Introduction
250 ## - EDITION STATEMENT
Edition statement 2nd Edition
260 ## - PUBLICATION, DISTRIBUTION, ETC.
Place of publication, distribution, etc. London;
-- New Delhi;
-- California,
Name of publisher, distributor, etc. SAGE Publications
Date of publication, distribution, etc. 1987
300 ## - PHYSICAL DESCRIPTION
Extent (e.g. Volumes, Pages etc.) xvi, 352 p.,
650 ## - SUBJECT ADDED ENTRY--TOPICAL TERM
Topical term or geographic name entry element Communications
650 ## - SUBJECT ADDED ENTRY--TOPICAL TERM
Topical term or geographic name entry element Media
650 ## - SUBJECT ADDED ENTRY--TOPICAL TERM
Topical term or geographic name entry element Broadcast
650 ## - SUBJECT ADDED ENTRY--TOPICAL TERM
Topical term or geographic name entry element Marxism
650 ## - SUBJECT ADDED ENTRY--TOPICAL TERM
Topical term or geographic name entry element Society
942 ## - Koha item type (Biblio)
Koha item type Books in Stacks (Lending)
Holdings
Lost status Damaged status Collection code Home library Current library Shelving location Date acquired Full call number Accession Number Item type
    Lending WERC Library WERC Library Social Science Cupboard 03/31/2024 302.23 MCQ 1095 Books in Stacks (Lending)

© WERC Library